Xianqui: (Record no. 185324)

MARC details
000 -LEADER
fixed length control field 00571nam a22001817a 4500
005 - DATE AND TIME OF LATEST TRANSACTION
control field 20220202102437.0
010 ## - LCCN (DPL NO)
LC control number ENG-131356
020 ## - INTERNATIONAL STANDARD BOOK NUMBER
International Standard Book Number 9789389523665
Terms of availability 499.00
035 ## - SYSTEM CONTROL NUMBER
System control number EN-114888
037 ## - SOURCE OF ACQUISITION
Source of stock number/acquisition DBAD
082 ## - DEWEY DECIMAL CLASSIFICATION NUMBER
Classification number N
100 ## - MAIN ENTRY--PERSONAL NAME
Personal name Srinivasan, Raghu
245 ## - TITLE STATEMENT
Title Xianqui:
Remainder of title Not All Vaccines Save Lives Some Bring War/
Statement of responsibility, etc Raghu Srinivasan
260 ## - PUBLICATION, DISTRIBUTION, ETC. (IMPRINT)
Place of publication, distribution, etc Gurugram
Name of publisher, distributor, etc Hachette Book Publishing India Pvt. Ltd
Date of publication, distribution, etc 2020
270 ## - ADDRESS
City Gurugram
Address 4th & 5th Floors, Corporate Centre, Plot No. 94, Sector 44
Postal code 122003
300 ## - PHYSICAL DESCRIPTION
Extent 384p.
Dimensions 20cm(pbk)
942 ## - ADDED ENTRY ELEMENTS (KOHA)
Source of classification or shelving scheme Dewey Decimal Classification
Item type English Books
Classification part N
Call number suffix SRI
Holdings
Withdrawn status Lost status Not for loan Collection code Home library Current library Date acquired Source of acquisition Cost, normal purchase price Full call number Barcode Copy number Cost, replacement price Koha item type
      Non-fiction Bawana Bawana 02/02/2022 DBAD/PUB 499.00 N SRI EN-114888 1 449.00 English Books

© Delhi Public Library
Hit Counter
free hit counter